The role of foreign employees in the Meiji era in Japan
This book introduces about historical background, Activities of aoreign employees, The modernization of Japan and foreign employees.
Salvato in:
| Autore principale: | |
|---|---|
| Natura: | Libro |
| Lingua: | Undetermined |
| Pubblicazione: |
Tokyo
Institute of Developing Economies
1971
|
| Soggetti: | |
| Tags: |
Aggiungi Tag
Nessun Tag, puoi essere il primo ad aggiungerne! !
|
| Thư viện lưu trữ: | Trung tâm Học liệu Trường Đại học Cần Thơ |
|---|
| LEADER | 00776nam a2200205Ia 4500 | ||
|---|---|---|---|
| 001 | CTU_218691 | ||
| 008 | 210402s9999 xx 000 0 und d | ||
| 082 | |a 331.11 | ||
| 082 | |b N744 | ||
| 100 | |a Noboru, Umetani | ||
| 245 | 4 | |a The role of foreign employees in the Meiji era in Japan | |
| 245 | 0 | |c Umetani Noboru | |
| 260 | |a Tokyo | ||
| 260 | |b Institute of Developing Economies | ||
| 260 | |c 1971 | ||
| 520 | |a This book introduces about historical background, Activities of aoreign employees, The modernization of Japan and foreign employees. | ||
| 650 | |a Labor supply,Developed countries,Cung cấp nhân lực,Các nước phát triển | ||
| 650 | |z Japan,Nhật Bản | ||
| 904 | |i Qhieu | ||
| 980 | |a Trung tâm Học liệu Trường Đại học Cần Thơ | ||